| 000 | 00000nam##2200000za#4500 |
| 001 | 9.577244 |
| 003 | CaOODSP |
| 005 | 20210624185523 |
| 007 | cr ||||||||||| |
| 008 | 150406|1995||||xxc|||||o f|0| 0 eng|d |
| 040 | |aCaOODSP|beng |
| 043 | |an-cn--- |
| 086 | 1 |aFs97-13/961E-PDF |
| 110 | 1 |aCanada. |bDepartment of Fisheries and Oceans. |
| 245 | 10|aStomach content data from juvenile Chinook, Oncorhynchus tshawytscha, captured in surface trawl at Queens Reach, Lower Fraser River, March to August 1988 / |h[electronic resource]|cby D.J.H. Nishimura, C.D. Levings, and T.R. Whitehouse. |
| 260 | |aWest Vancouver - British Columbia : |bFisheries and Oceans Canada |c1995. |
| 300 | |a80p.|bfigs., references, tables |
| 490 | 1 |aCanadian data report of fisheries and aquatic sciences|vNo. 961 |
| 500 | |aOn t.p.: Biological Sciences Branch, West Vancouver Laboratory, West Vancouver, British Columbia. The catalogue number and ISSN for the print edition appear in the PDF version. |
| 546 | |a(Résumé en français) |
| 590 | |a13-20-Supp|b2013-08-30 |
| 720 | 1 |aLevings, C. |
| 720 | 1 |aNishimura, D. J. H. |
| 720 | 1 |aWhitehouse, T. R. |
| 830 | #0|aCanadian data report of fisheries and aquatic sciences ;|vNo. 961|w(CaOODSP)9.505124 |
| 856 | 40|ahttp://publications.gc.ca|qPDF|s904 KB|uhttps://publications.gc.ca/collections/collection_2013/mpo-dfo/Fs97-13-961-eng.pdf|yNo. 961 |